1627 1093 1302 1164 1022 1765 1362 1205 1566 1943 1617 1847 1508 1802 1094 1364 1593 1209 1740 1834 1292 1939 1622 1212 1480 1831 1182 1868 1323 1867 1721 1137 1689 1208 1721 1190 1641 1668 1272 1450 1034 1850 1958 1907 1385 1698 1004 1419 1182 1121 1669 1917 1441 1573 1463 1466 1302 1715 1031 1541 1395 1523 1073 1091 1570 1158 1524 1549 1659 1678 1143 1620 1458 1707 1957 1908 1485 1751 1373 1814 1054 1181 1047 1544 1853 1829 1365 1442 1783 1313 1395 1090 1651 1439 1683 1968 1226 1316 1880 BCNSPRNW ULIB Ver.6.0+V

เปลี่ยนเป็นภาษาไทย

Change to English
 แสดงรายละเอียดบรรณานุกรม
  กลับหน้าหลัก

Brief Record : Get Marc (ISO 2709) : E-mail record : QR code < ปิดหน้าต่าง
LEADER : 00000nam 2200000uu 4500
001    13399120154
003     ULIB
008    120905s2550||||th 000 0 tha d
020    ^a9789744567819
020    9744567813
060    ^aW84^bอ823ก
100    ^aอุทัยวรรณ สุกิมานิล
245    ^aการบริการปฐมภูมิ. =^bPrimary care./^cโดย อุทัยวรรณ สุกิมานิล
246    ^aPrimary care
250    ^aพิมพ์ครั้งที่ 2
260    ^aนนทบุรี:^bโครงการสวัสดิการวิชาการ สถาบันพระบรมราชชนก,^c2550.
300    ^a263 หน้า
650    ^aการบริการด้านสุขภาพ
650  0 ^aบริการปฐมภูมิ
650  0 ^aสุขภาพ
945    ^p295^l0^i032731
945    ^p295^l0^i032732
945    ^p295^l0^i032733
999    ^aทศพร
รายการนี้ยังไม่มีแท็ก
คุณยังไม่ได้ล็อกอิน คุณสามารถมีกิจกรรมร่วมกับเว็บไซต์ได้ แต่ต้องล็อกอินก่อน ::
  ล็อกอิน

รายการสื่อสารสนเทศ

ลำดับที่ ประเภท เลขเรียก/บาร์โค้ด สถานที่ สถานะ
- ไม่พบข้อมูล -

รายการใกล้เคียง
    ผู้แต่ง [อุทัยวรรณ สุกิมานิล]

    หัวเรื่อง [การบริการด้านสุขภาพ]
    หัวเรื่อง [บริการปฐมภูมิ]
    หัวเรื่อง [สุขภาพ]

BibComment


ยังไม่เคยถูกคอมเมนท์

คอมเมนท์ทรัพยากรรายการนี้
  คอมเมนท์: การบริการปฐมภูมิ..


 Copyright 2026. Bcnsprnw @Library